000 01091nam0a2200313 4500
001 RU\NLR\BIBL_A\012692368
005 20250624120338.0
010 _91700
035 _a(NLR Aleph) 012692368
090 _a13306875
_c13306875
100 _a20220124d1966 |||y0rusy50 ca
101 0 _akir
102 _aKG
105 _aa z 000yy
181 0 _ai
_baxxe
182 0 _an
200 1 _aАр бир тракторду ѳндүрүмдүү пайдаланалы
_fБ. Алыбаев, С. Акымбеков
203 _aТекст
_bвизуальный
_cнепосредственный
210 _aФрунзе
_cКыргызстан
_d1966
215 _a49,[2] c.
_cил.
_d20
225 1 _aАйылдык механизатордун китепканачасы
541 1 _aКаждому трактору - высокую нагрузку
_zrus
686 1 _aП072.1
700 1 _aАлыбаев
_bБ.
_gБейшен
_4070
701 1 _aАкымбеков
_bС.
_gСадыбакас
_4070
852 _aNLR
_bОНЛ
_jКирг./2-4321
942 _cBOOK
980 _aNB